| 000 | 01154nmm a2200325 a 4500 | ||
|---|---|---|---|
| 001 | ocm0002015350 | ||
| 003 | TR-IsHL | ||
| 005 | 20201028175306.0 | ||
| 008 | 181019s2014 tu tur | ||
| 007 | cr cn | ||
| 020 | _a9786054921508 | ||
| 035 |
_a2015350 _b(N$T) |
||
| 050 | 0 | 4 |
_aPL248.Y858 _bS49 2014 |
| 090 | 0 | 4 |
_aPL248.Y858 _bS49 2014 |
| 100 | 1 | _aSevim, Emine | |
| 245 | 1 | 0 |
_aYunus Emre şerhleri : _b çıktım erik dalına _h[electronic resource] / _cEmine Sevim ; Genel Yayın Yönetmeni Ahmet Nuri Yüksel |
| 250 | _a1. Basım | ||
| 260 |
_aİstanbul : _bBilge Kültür Sanat Yayınları, _c2014 |
||
| 300 | _a271 p. | ||
| 500 |
_aIncludes bibliographical references. _xBibliography: p. [267]-269. |
||
| 650 | 4 | _aDil ve Edebiyat | |
| 650 | 4 | _aLanguage and Literature | |
| 650 | 0 |
_aYunus Emre, d. 1320 _x Criticism and interpretation |
|
| 650 | 0 |
_aYunus Emre d. 1320 _x Eleştiri ve yorum |
|
| 650 | 0 | _aSufism | |
| 650 | 0 | _aTasavvuf | |
| 650 | 7 |
_aPOETRY / Middle Eastern _2bisacsh |
|
| 700 | 1 | _aYüksel, Ahmet Nuri | |
| 856 | 4 | 0 | _uhttp://search.ebscohost.com/login.aspx?direct=true&scope=site&db=e011xww&AN=2015350 |
| 999 |
_c18599 _d18599 |
||